000 00726nam a2200289Ia 4500
005 20260324135205.0
008 008 260324s9999 xx 000 0 eng d
020 _a9780203977828
037 _aEBOOK
040 _aCRL
040 _beng
040 _cCRL
041 _2eng
041 _aeng
084 _qCRL
100 _aChris Mace; Stirling Moorey; Bernard Roberts
_91199668
245 0 _aEvidence in the Psychological Therapies
245 2 _bA Critical Guidance for Practitioners
260 _bTaylor and Francis
260 _c2000
365 _a
365 _b105
856 _uhttp://www.taylorfrancis.com/books/9780203977828
942 _cEBOOK
999 _c1800493
_d1800493